| 000 | 00575nam a22001817a 4500 | ||
|---|---|---|---|
| 005 | 20251108172823.0 | ||
| 008 | 250721s1998 xx 000 0 ara d | ||
| 082 | 1 | 4 | _a338.1856/منظ |
| 245 | 1 | 0 | _aدراسة تقويم أثر سياسات الإصلاح الإقتصادي على إستخدام مياه الري بالوطن العربي / |
| 264 | 1 |
_aالخرطوم : _c1998. |
|
| 300 | _a166 ص | ||
| 650 | 1 | 7 | _aالسياسة الزراعية |
| 650 | 1 | 7 | _aالإقتصاد |
| 650 | 1 | 7 | _aالري |
| 650 | 1 | 7 | _aالمياه |
| 942 |
_2ddc _cBK |
||
| 999 |
_c89290 _d89290 |
||